书目信息 |
| 题名: |
马克思历史理论的研究
|
|
| 作者: | 望月清司 著 ;韩立新, 译 | |
| 分册: | ||
| 出版信息: | 北京 北京师范大学出版社 2009.10 |
|
| 页数: | [22], 518页 | |
| 开本: | 24cm | |
| 丛书名: | 日本马克思主义译丛 | |
| 单 册: | ||
| 中图分类: | A851.692 | |
| 科图分类: | ||
| 主题词: | 马克思主义--ma ke si zhu yi--史学理论--研究 | |
| 电子资源: | ||
| ISBN: | 978-7-303-10481-9 | |
| 000 | 01114cam 2200277 450 | |
| 001 | CAL 012009172183 | |
| 005 | 20111224152626.57 | |
| 010 | @a978-7-303-10481-9@dCNY58.00 | |
| 100 | @a20091113d2009 em y0chiy50 ea | |
| 101 | 1 | @achi@cjpn |
| 102 | @aCN@b110000 | |
| 105 | @ak a 000yy | |
| 200 | 1 | @a马克思历史理论的研究@Ama ke si li shi li lun de yan jiu@d= マルクス歷史理論の研究@f(日) 望月清司著@g韩立新译@zjpn |
| 210 | @a北京@c北京师范大学出版社@d2009.10 | |
| 215 | @a[22], 518页@d24cm | |
| 225 | 2 | @a日本马克思主义译丛@Ari ben ma ke si zhu yi yi cong |
| 320 | @a有书目 | |
| 330 | @a本书主要内容包括马克思市民社会认识的形成、异化和社会交往、《德意志意识形态》中的分工逻辑、“社会联系”视角和市民社会、“依赖关系”的世界史像等。 | |
| 410 | 0 | @12001 @a日本马克思主义译丛 |
| 500 | 10 | @aマルクス歷史理論の研究@mChinese |
| 606 | 0 | @a马克思主义@Ama ke si zhu yi@x史学理论@x研究 |
| 690 | @aA851.692@v4 | |
| 701 | 0 | @a望月清司@Awang yue qing si@4著 |
| 702 | 0 | @a韩立新,@AHan Lixin@f1966-@4译@3CAL n2004301934#@7jt0yjt0y@7ec0yec0y |
| 801 | 0 | @aCN@bZZRC@c20111224 |
| 905 | @aZUCC@dA851.692@eW494@f3 | |
| 马克思历史理论的研究= マルクス歷史理論の研究/(日) 望月清司著/韩立新译.-北京:北京师范大学出版社,2009.10 |
| [22], 518页;24cm.-(日本马克思主义译丛) |
| ISBN 978-7-303-10481-9:CNY58.00 |
| 本书主要内容包括马克思市民社会认识的形成、异化和社会交往、《德意志意识形态》中的分工逻辑、“社会联系”视角和市民社会、“依赖关系”的世界史像等。 |
| ● |
| 相关链接 |
|
|
|
正题名:马克思历史理论的研究
索取号:A851.692/W494
 
预约/预借
| 序号 | 登录号 | 条形码 | 馆藏地/架位号 | 状态 | 备注 |
| 1 | 1066237 | 210662371 | 社科库509/509社科库 6排2列6层/ [索取号:A851.692/W494] | 在馆 | |
| 2 | 1066238 | 210662380 | 社科库509/509社科库 6排2列6层/ [索取号:A851.692/W494] | 在馆 | |
| 3 | 1066239 | 210662399 | 社科库509/509社科库 6排2列6层/ [索取号:A851.692/W494] | 在馆 |